| 000 | 00526nam a2200181Ia 4500 | ||
|---|---|---|---|
| 005 | 20250317124531.0 | ||
| 008 | 008 250317s9999 xx 000 0 eng d | ||
| 037 | _aTextbook | ||
| 040 |
_aFMSL _beng _cFMSL |
||
| 041 |
_aeng _2eng |
||
| 084 |
_aX:89Q8 M0 _qFMSL |
||
| 100 |
_aGrant E L _9630505 |
||
| 245 | 0 | _aStatistical quality control | |
| 260 |
_aNew Delhi _bNew Delhi, McGraw Hill International _c1980 |
||
| 300 | _a667p | ||
| 942 |
_cTB _hX:89Q8 M0 |
||
| 999 |
_c1255888 _d1255888 |
||